Statistics for World Capital Bullseye

Click here to take the quiz!

General Stats

  • This quiz has been taken 196 times
  • The average score is 14 of 21

Answer Stats

Capital City% Correct
Nairobi
90%
Kinshasa
88%
Brazzaville
79%
Kigali
78%
Pretoria
77%
Harare
75%
Addis Ababa
74%
Kampala
74%
Khartoum
74%
Lusaka
71%
Dodoma
70%
Juba
68%
Luanda
66%
Mogadishu
64%
Lilongwe
62%
Bangui
61%
Gaborone
57%
BUJUMBURA
53%
Antananarivo
48%
Yaounde
47%
Moroni
41%

Score Distribution

Percentile by Number Answered

Percent of People with Each Score

Your Score History

You have not taken this quiz